| 000 | 00362nam a2200133Ia 4500 | ||
|---|---|---|---|
| 008 | 240624s9999 xx 000 0 und d | ||
| 041 | _aeng | ||
| 082 | _a330.01 AKE | ||
| 100 | _aAKERLOF GEORGE A | ||
| 245 | _aPHISHING FOR PHOOLS THE ECONOMICS OF MAN | ||
| 260 |
_c2015 _aPrinceton _bPrinceton University Press |
||
| 300 | _axvi, : 272 : cm. ; 24 | ||
| 365 | _cRS | ||
| 999 |
_c28108 _d28108 |
||